LIBRARY & INFORMATION CENTRE, KCAET, TAVANUR

ONLINE PUBLIC ACCESS CATALOGUE (OPAC)

Psychological development through the life span / (Record no. 7743)

MARC details
000 -LEADER
fixed length control field 00469cam a2200169ua 4500
041 ## - LANGUAGE CODE
Language code of text/sound track or separate title eng
082 ## - DEWEY DECIMAL CLASSIFICATION NUMBER
Classification number 150.1
Item number PRE/PS
100 ## - MAIN ENTRY--AUTHOR NAME
Personal name Pressey, Sidney L .
245 ## - TITLE STATEMENT
Title Psychological development through the life span /
260 ## - PUBLICATION, DISTRIBUTION, ETC. (IMPRINT)
Place of publication New York :
Name of publisher Harper and Brothers Publishers ,
Year of publication 1957.
300 ## - PHYSICAL DESCRIPTION
Number of Pages 654 ; .
500 ## - GENERAL NOTE
General note **Reference
700 1# - ADDED ENTRY--PERSONAL NAME
Personal name Kuhlen, Raymond G .
942 ## - ADDED ENTRY ELEMENTS (KOHA)
Koha item type Books
Holdings
Withdrawn status Lost status Damaged status Home library Current library Date acquired Full call number Accession Number Koha item type
Withdrawn     KAUAET Sanskrit University 07/04/2012 150.1 729 Reference
free website counter